Music Quiz

Random Music or Song Quiz

Katy Perry in German Quiz Stats

 Plays Quiz not verified by Sporcle

Score 0/11 Timer 04:00
0 Plays Today
Translation Song % Correct
Letzten Freitag Nacht (Gott sei dank, es ist Freitag)Last Friday Night (T.G.I.F)
94%
Ich küsste ein MädchenI kissed a girl
85.1%
Heiß und kaltHot N Cold
83.6%
Kalifornische Mädchen California Gurls
79.1%
FeuerwerkFirework
79.1%
Teil von mirPart of me
67.2%
GeburtstagBirthday
67.2%
Dunkles PferdDark Horse
59.7%
GebrüllRoar
46.3%
AußerirdischerE.T.
38.8%
BedingungslosUnconditionally
32.8%

You're not logged in!

Compare scores with friends on all Sporcle quizzes.
OR
Log In

Sporcle TV

Today on Sporcle TV


Watch our educational content, quiz creation guides, and fun videos on Sporcle TV.

Show Comments

Extras

Top Quizzes Today


Score Distribution

Your Account Isn't Verified!

In order to create a playlist on Sporcle, you need to verify the email address you used during registration. Go to your Sporcle Settings to finish the process.

Report this User

Report this user for behavior that violates our Community Guidelines.

Details: